000 00710nam a2200229Ii 4500
003 JO-AjNU
008 230605s9999||||xx |||||||||||||| ||und||
017 _a2014/5/2482
020 _a978-9957-589-3-49
040 _aJO-AjNU
_bara
_erda
_cJO-AjNU
041 _aara
050 1 4 _aGE300.A23.2015
100 3 _aعبد النور، أنمار جودت,
_eauthor
_964305
245 0 0 _aالإدارة البيئية
250 _aط1
264 3 1 _aعمان: دار امجد للنشر والتوزيع، 2015
300 _a196ص
336 _atext
_btxt
_2rdacontent
337 _aunmediated
_bn
_2rdamedia
338 _avolume
_bnc
_2rdacarrier
650 4 _aالبيئة-الادارة-التلوث
_964306
999 _aA29216
_c32784
_d32784